00864cam a2200241 a 450000100090000000300040000900500170001300800410003001000170007102000280008804000180011605000170013408200240015124500420017525000120021726000330022930000340026265000450029670000190034185600970036085600750045785600900053211793687OSt20210225111409.0990923s2000 nyu 000 0 eng  a 99048915  a0375504273 (alk. paper) aDLCcDLCdDLC00aBL624bR631G00a291.4/32221bR631G10aGod speaks /cedited by Charles Robb. a1st ed. aNew York :bVillard,cc2000. a1 v. (unpaged) ;c14 x 19 cm. 0aReligious lifevQuotations, maxims, etc.1 aRobb, Charles.423Contributor biographical informationuhttp://www.loc.gov/catdir/bios/random059/99048915.html413Sample textuhttp://www.loc.gov/catdir/samples/random044/99048915.html423Publisher descriptionuhttp://www.loc.gov/catdir/description/random0411/99048915.html